[Event "POL-chT 2nd League"]
[Site "Jastrzebia Gora"]
[Date "2023.09.09"]
[Round "8.28"]
[White "Steczek, Malgorzata"]
[Black "Kalmuk, Krzysztof"]
[Result "0-1"]
[WhiteElo "1748"]
[BlackElo "1992"]
[PlyCount "94"]
[EventDate "2023.09.02"]
[EventType "team-swiss"]
[EventRounds "9"]
[EventCountry "POL"]
[SourceTitle "CBM 216 Extra"]
[Source "ChessBase"]
[SourceDate "2023.11.30"]
[SourceVersion "1"]
[SourceVersionDate "2023.11.30"]
[SourceQuality "1"]
[WhiteTeam "Konin Hetman"]
[BlackTeam "Gliwice Politechniki Slaskiej"]
[WhiteTeamCountry "POL"]
[BlackTeamCountry "POL"]

1. e4 c5 2. c3 Nc6 3. d4 cxd4 4. cxd4 d5 5. exd5 Qxd5 6. Nf3 e6 7. Be2 Nf6 8. 0-0 Be7 9. Nc3 Qd8 10. Bf4 0-0 11. Rc1 b6 12. Re1 Bb7 13. Bd3 Rc8 14. Bb1 Nb4 15. Be5 Nbd5 16. Qd3 g6 17. Qd2 Nxc3 18. bxc3 Bxf3 19. gxf3 b5 20. Qb2 Qa5 21. Qb3 Nd5 22. Re3 Nxe3 23. fxe3 Ba3 24. Rc2 Rc4 25. e4 f6 26. Bg3 Rfc8 27. Kf1 Qa4 28. Be1 Bb4 29. Qb2 a6 30. a3 Bxa3 31. Qa1 Bd6 32. Qxa4 Rxa4 33. Ba2 Kf7 34. d5 e5 35. Ke2 f5 36. Kd3 Ra3 37. Kd2 Rcxc3 38. Rxc3 Bb4 39. Kd3 Bxc3 40. Bxc3 b4 41. d6+ Ke8 42. Kc4 bxc3 43. Bb1 fxe4 44. fxe4 Kd7 45. Kd5 Ra5+ 46. Kc4 Ra1 47. Bd3 Kxd6 0-1

[Event "POL-chT 2nd League"]
[Site "Sypniewo"]
[Date "2021.09.11"]
[Round "8.6"]
[White "Robak, Zbigniew"]
[Black "Kalmuk, Krzysztof"]
[Result "1-0"]
[WhiteElo "2217"]
[BlackElo "1983"]
[PlyCount "109"]
[EventDate "2021.09.04"]
[EventType "team-swiss"]
[EventRounds "9"]
[EventCountry "POL"]
[SourceTitle "CBM 204 Extra"]
[Source "ChessBase"]
[SourceDate "2021.11.30"]
[SourceVersion "1"]
[SourceVersionDate "2021.11.30"]
[SourceQuality "1"]
[WhiteTeam "Bydgoszcz Hetman"]
[BlackTeam "Gliwice Politechnika Slaska"]
[WhiteTeamCountry "POL"]
[BlackTeamCountry "POL"]

1. e4 c5 2. Nf3 e6 3. d4 cxd4 4. Nxd4 Nc6 5. Nc3 Qc7 6. g3 a6 7. Bg2 Nf6 8. 0-0 Be7 9. Re1 d6 10. Nxc6 bxc6 11. e5 dxe5 12. Rxe5 Bb7 13. Bf4 Rd8 14. Rd5 Qc8 15. Rxd8+ Qxd8 16. Qxd8+ Kxd8 17. Rd1+ Kc8 18. Na4 Nd7 19. c4 g5 20. Bd2 g4 21. Ba5 Rg8 22. Nb6+ Nxb6 23. Bxb6 c5 24. Bxb7+ Kxb7 25. Rd7+ Kxb6 26. Rxe7 Rf8 27. Kf1 a5 28. b3 a4 29. Ke2 axb3 30. axb3 Kc6 31. Ke3 h5 32. Kf4 Rb8 33. Rxf7 Rxb3 34. Kg5 Rc3 35. Rf4 e5 36. Re4 Rc2 37. Kxh5 Rxf2 38. Rxe5 Rxh2+ 39. Kxg4 Rd2 40. Re6+ Kd7 41. Re4 Rf2 42. Kg5 Kd6 43. g4 Rf1 44. Kg6 Rd1 45. Kf5 Rf1+ 46. Rf4 Re1 47. g5 Re8 48. g6 Rg8 49. Kf6 Rf8+ 50. Kg5 Rg8 51. Rf5 Kc6 52. Rf6+ Kd7 53. Kf5 Ke7 54. Rf7+ Kd6 55. g7 1-0

[Event "POL-chT 2nd League"]
[Site "Sypniewo"]
[Date "2021.09.08"]
[Round "5.4"]
[White "Kalmuk, Krzysztof"]
[Black "Poltorak, Sebastian"]
[Result "0-1"]
[WhiteElo "1983"]
[BlackElo "2264"]
[PlyCount "72"]
[EventDate "2021.09.04"]
[EventType "team-swiss"]
[EventRounds "9"]
[EventCountry "POL"]
[SourceTitle "CBM 204 Extra"]
[Source "ChessBase"]
[SourceDate "2021.11.30"]
[SourceVersion "1"]
[SourceVersionDate "2021.11.30"]
[SourceQuality "1"]
[WhiteTeam "Gliwice Politechnika Slaska"]
[BlackTeam "Opole Rodlo II"]
[WhiteTeamCountry "POL"]
[BlackTeamCountry "POL"]

1. d4 Nf6 2. c4 g6 3. f3 d5 4. cxd5 Nxd5 5. e4 Nb6 6. Nc3 Bg7 7. Be3 0-0 8. Qd2 Nc6 9. 0-0-0 e5 10. d5 Nd4 11. f4 Bg4 12. fxe5 Bxd1 13. Bxd4 Bg4 14. h3 Bd7 15. Nf3 Rc8 16. Kb1 c6 17. d6 Be6 18. Be3 Nd7 19. Bf4 Qa5 20. Nd5 Qxd2 21. Ne7+ Kh8 22. Bxd2 Rcd8 23. Bc3 Nc5 24. Bd4 Nxe4 25. Bd3 Nxd6 26. Bc5 Nc4 27. Bxc4 Bxc4 28. h4 Be2 29. Bd6 Bxf3 30. gxf3 h5 31. f4 Rfe8 32. f5 Rd7 33. Rf1 Rdxe7 34. Bxe7 Rxe7 35. f6 Rxe5 36. fxg7+ Kxg7 0-1

[Event "POL-chT 2nd League"]
[Site "Sypniewo"]
[Date "2021.09.05"]
[Round "2.1"]
[White "Eggink, Ryszard"]
[Black "Kalmuk, Krzysztof"]
[Result "1/2-1/2"]
[WhiteElo "2387"]
[BlackElo "1983"]
[PlyCount "101"]
[EventDate "2021.09.04"]
[EventType "team-swiss"]
[EventRounds "9"]
[EventCountry "POL"]
[SourceTitle "CBM 204 Extra"]
[Source "ChessBase"]
[SourceDate "2021.11.30"]
[SourceVersion "1"]
[SourceVersionDate "2021.11.30"]
[SourceQuality "1"]
[WhiteTeam "Kopernik WKS"]
[BlackTeam "Gliwice Politechnika Slaska"]
[WhiteTeamCountry "POL"]
[BlackTeamCountry "POL"]

1. d4 Nf6 2. c4 e6 3. Nf3 b6 4. g3 Ba6 5. Qc2 Bb4+ 6. Bd2 Be7 7. Bg2 c6 8. 0-0 d5 9. b3 0-0 10. a4 Nbd7 11. Rd1 Qc8 12. Na3 Ne4 13. Be1 f5 14. b4 Nd6 15. Nd2 Bb7 16. Nb3 Rf7 17. Rac1 Qf8 18. cxd5 cxd5 19. Qd3 Rc8 20. Rxc8 Nxc8 21. Nc2 Nd6 22. Rc1 Qb8 23. b5 Nc4 24. Ne3 Nxe3 25. Qxe3 Nf8 26. Rc2 Bd6 27. Qc1 Rc7 28. Rxc7 Bxc7 29. Bb4 Bc8 30. Qa3 Bd7 31. Nc1 Ng6 32. Nd3 Qc8 33. h4 Nf8 34. Bd6 Qb8 35. Bxc7 Qxc7 36. Ne5 Be8 37. Bf3 Ng6 38. Nd3 Ne7 39. Ne5 Nc8 40. Qe3 Nd6 41. Nd3 Bf7 42. Qe5 Ne8 43. Nb4 Qxe5 44. dxe5 Nc7 45. Nc6 a6 46. bxa6 Nxa6 47. Ne7+ Kf8 48. Nc8 Nc5 49. Nxb6 Be8 50. a5 Bb5 51. e3 1/2-1/2

[Event "POL-ch Academic"]
[Site "Katowice"]
[Date "2020.11.13"]
[Round "2"]
[White "Kalmuk, Krzysztof"]
[Black "Kowalczyk, Rafal"]
[Result "1/2-1/2"]
[WhiteElo "1997"]
[BlackElo "2272"]
[PlyCount "133"]
[EventDate "2020.11.13"]
[EventType "swiss (rapid)"]
[EventRounds "9"]
[EventCountry "POL"]
[SourceTitle "CBM 199 Extra"]
[Source "ChessBase"]
[SourceDate "2021.01.31"]
[SourceVersion "1"]
[SourceVersionDate "2021.01.31"]
[SourceQuality "1"]

1. Nf3 Nf6 2. g3 e6 3. Bg2 d5 4. 0-0 Be7 5. d4 0-0 6. b3 a5 7. Bb2 a4 8. c4 a3 9. Bc3 b6 10. Re1 Ne4 11. Qc1 Bb7 12. Nfd2 Nxc3 13. Nxc3 c6 14. Rd1 Nd7 15. e4 dxe4 16. Ndxe4 Nf6 17. Qe3 Qc7 18. Nxf6+ Bxf6 19. Ne4 Be7 20. c5 Rfd8 21. Rac1 b5 22. b4 e5 23. dxe5 Rxd1+ 24. Rxd1 Qxe5 25. Nd6 Bxd6 26. cxd6 Qxe3 27. fxe3 Kf8 28. Rc1 Ra6 29. Rd1 Ra8 30. Rc1 Ra6 31. d7 Ke7 32. Rd1 Ra8 33. Rd3 f6 34. Kf2 Rd8 35. Rxa3 Rxd7 36. Ke2 g6 37. Rc3 Rd6 38. Rd3 Bc8 39. Rxd6 Kxd6 40. Kd3 Bf5+ 41. Kd4 Bb1 42. a3 Ba2 43. Bf3 Be6 44. Bg2 Bd7 45. Bf3 h5 46. Be4 f5 47. Bf3 Be8 48. h4 Bf7 49. e4 fxe4 50. Bxe4 Be8 51. Bc2 Bf7 52. Bb1 Be8 53. Ba2 Bd7 54. Bb1 Bf5 55. Ba2 Bc2 56. Bf7 Bf5 57. Bb3 Bg4 58. a4 bxa4 59. Bxa4 Bf5 60. Bb3 Bb1 61. Bc4 Bc2 62. Be2 Bf5 63. Bf3 Bd7 64. Ke4 Ke6 65. Kf4 Kf6 66. Be4 Be8 67. Bf3 1/2-1/2

[Event "POL-ch Academic"]
[Site "Katowice"]
[Date "2020.11.13"]
[Round "3"]
[White "Kumala, Aleksander"]
[Black "Kalmuk, Krzysztof"]
[Result "1-0"]
[WhiteElo "2206"]
[BlackElo "1997"]
[PlyCount "79"]
[EventDate "2020.11.13"]
[EventType "swiss (rapid)"]
[EventRounds "9"]
[EventCountry "POL"]
[SourceTitle "CBM 199 Extra"]
[Source "ChessBase"]
[SourceDate "2021.01.31"]
[SourceVersion "1"]
[SourceVersionDate "2021.01.31"]
[SourceQuality "1"]

1. d4 Nf6 2. Bg5 Ne4 3. h4 d5 4. Nd2 Nxg5 5. hxg5 Nc6 6. g6 fxg6 7. e3 e5 8. dxe5 Nxe5 9. Ngf3 Bd6 10. Nxe5 Bxe5 11. Bd3 Qf6 12. c3 Bd7 13. Qb3 0-0-0 14. Nf3 Bd6 15. Qxd5 Bc6 16. Qg5 Kb8 17. Qxf6 gxf6 18. Ke2 Be7 19. Rad1 f5 20. Rh6 Bf8 21. Rh3 Rd7 22. Ne5 Re7 23. Nxg6 Rg7 24. Nxh8 Bxg2 25. Bxf5 Bd6 26. Rxh7 Rg5 27. Rf7 a6 28. Ng6 Rh5 29. Nf4 Bxf4 30. exf4 Bc6 31. Bg4 Rh4 32. Bf3 Bb5+ 33. Ke3 Rh3 34. Rg7 Bc4 35. b3 Be6 36. c4 Rh8 37. Re7 Bf5 38. Be4 Bg4 39. f3 Bc8 40. f5 1-0

[Event "POL-chT 2nd League"]
[Site "Jastrzebia Gora"]
[Date "2019.09.10"]
[Round "4.2"]
[White "Sowinski, Pawel"]
[Black "Kalmuk, Krzysztof"]
[Result "0-1"]
[WhiteElo "1606"]
[BlackElo "1999"]
[PlyCount "102"]
[EventDate "2019.09.07"]
[EventType "team-swiss"]
[EventRounds "9"]
[EventCountry "POL"]
[SourceTitle "EXT 2020"]
[Source "ChessBase"]
[SourceDate "2019.10.17"]
[SourceVersion "1"]
[SourceVersionDate "2019.10.17"]
[SourceQuality "1"]
[WhiteTeam "Czarna LKSz"]
[BlackTeam "Gliwice Politechnika Slaska"]
[WhiteTeamCountry "POL"]
[BlackTeamCountry "POL"]

1. e4 Nc6 2. Nf3 d6 3. d4 Nf6 4. Nc3 g6 5. Bg5 Bg7 6. e5 Nd7 7. exd6 cxd6 8. Bb5 a6 9. Bxc6 bxc6 10. Ne4 Nf6 11. Bxf6 exf6 12. 0-0 0-0 13. c3 Rb8 14. b4 f5 15. Ned2 g5 16. Nb3 g4 17. Nfd2 f4 18. Re1 Rb5 19. Qe2 Qh4 20. Qe7 Qh6 21. Nf1 f3 22. Re3 fxg2 23. Kxg2 Rh5 24. Rae1 f5 25. Kg1 Rh3 26. Nbd2 f4 27. Rxh3 gxh3 28. Qe4 d5 29. Qd3 Qg5+ 30. Ng3 fxg3 31. fxg3 Bf5 32. Qe3 Qxe3+ 33. Rxe3 Bh6 34. Nf1 Bxe3+ 35. Nxe3 Bd3 36. a4 Rf3 37. b5 cxb5 38. axb5 axb5 39. g4 Rxe3 40. Kf2 Re2+ 41. Kg3 Rc2 42. g5 Rxc3 43. g6 Bxg6+ 44. Kh4 Kg7 45. Kg5 h6+ 46. Kh4 Kf6 47. Kg4 b4 48. Kh4 b3 49. Kg4 b2 50. Kh4 b1Q 51. Kg4 Qe4# 0-1

[Event "POL-chT Academic"]
[Site "Katowice"]
[Date "2018.02.03"]
[Round "2.3"]
[White "Kalmuk, Krzysztof"]
[Black "Smolka, Marcin"]
[Result "1-0"]
[WhiteElo "1999"]
[BlackElo "2178"]
[PlyCount "155"]
[EventDate "2018.02.03"]
[EventType "team-swiss (rapid)"]
[EventRounds "9"]
[EventCountry "POL"]
[SourceTitle "CBM 182 Extra"]
[Source "ChessBase"]
[SourceDate "2018.02.23"]
[SourceVersion "1"]
[SourceVersionDate "2018.02.23"]
[SourceQuality "1"]
[WhiteTeam "Gliwice Politechnika Slaska"]
[BlackTeam "Krakow AGH"]
[WhiteTeamCountry "POL"]
[BlackTeamCountry "POL"]

1. Nf3 d5 2. g3 c6 3. Bg2 Nf6 4. 0-0 Nbd7 5. d4 e6 6. b3 Bd6 7. Bb2 0-0 8. c4 Ne4 9. Qc2 f5 10. Nbd2 Ndf6 11. Ne5 Qc7 12. Rac1 Bd7 13. Nb1 Bxe5 14. dxe5 Ng4 15. cxd5 exd5 16. Qd3 Qb6 17. Bd4 c5 18. Bxc5 Nxc5 19. Qxd5+ Ne6 20. Qxd7 Rad8 21. Qxb7 Qa5 22. Nc3 Kh8 23. Qb5 Qc7 24. h3 Nxe5 25. Ne4 Qf7 26. Qxe5 fxe4 27. Bxe4 Rfe8 28. Bd5 Qg6 29. Bxe6 Rxe6 30. Qc7 Rde8 31. e3 R6e7 32. Qc2 Qh5 33. Kh2 Qf3 34. Qd1 Qf6 35. Rc4 Re6 36. Kg2 Qg6 37. Qc2 Qf6 38. Rc8 Qe7 39. Rxe8+ Qxe8 40. Rc1 Qa8+ 41. Kg1 Re8 42. Qc6 Qd8 43. Kg2 h6 44. Rc4 Rf8 45. Qb7 Qg5 46. Rf4 Rd8 47. Qf3 Qc5 48. Rf7 Kg8 49. Qb7 Qg5 50. Rd7 Rf8 51. Qc7 Qf6 52. Qc2 a5 53. Rd4 Qb6 54. Rf4 Rd8 55. Qc4+ Kh8 56. Qe4 Qd6 57. Qf3 Kg8 58. Rf5 Qg6 59. Rxa5 Rf8 60. Qd5+ Kh8 61. Ra8 Rxa8 62. Qxa8+ Kh7 63. Qd5 h5 64. h4 Qg4 65. a4 Qe2 66. a5 g6 67. Qc6 g5 68. Qf3 Qe1 69. Qxh5+ Kg7 70. Qxg5+ Kh7 71. Qd5 Kg6 72. a6 Qa1 73. Qc6+ Kf5 74. b4 Ke5 75. b5 Kf5 76. Qd7+ Kg6 77. a7 Qa4 78. Qb7 1-0

[Event "POL-chT 2nd League"]
[Site "Szklarska Poreba"]
[Date "2017.09.03"]
[Round "2.3"]
[White "Kalmuk, Krzysztof"]
[Black "Kowalski, Maciej"]
[Result "1/2-1/2"]
[WhiteElo "2030"]
[BlackElo "2060"]
[PlyCount "69"]
[EventDate "2017.09.02"]
[EventType "team-swiss"]
[EventRounds "9"]
[EventCountry "POL"]
[SourceTitle "CBM 180 Extra"]
[Source "ChessBase"]
[SourceDate "2017.10.06"]
[SourceVersion "1"]
[SourceVersionDate "2017.10.06"]
[SourceQuality "1"]
[WhiteTeam "Gliwice Politechnika Slaska"]
[BlackTeam "Grzybowo GKSz Solny"]
[WhiteTeamCountry "POL"]
[BlackTeamCountry "POL"]

1. d4 d5 2. c4 dxc4 3. Nc3 e5 4. d5 Nf6 5. e4 b5 6. Nxb5 Nxe4 7. Nc3 Nd6 8. Nf3 Nd7 9. Qa4 g6 10. Bg5 f6 11. Be3 Kf7 12. Bxc4 Nb6 13. Bxb6 cxb6 14. Bb3 a6 15. 0-0 b5 16. Qh4 Be7 17. Ne4 Bf5 18. Nfd2 Kg7 19. Nxd6 Bxd6 20. Rac1 Qa5 21. Rc6 Rhd8 22. Ne4 Bxe4 23. Qxe4 Rac8 24. Qc2 Rxc6 25. dxc6 Bc7 26. Rd1 Rxd1+ 27. Qxd1 Qb4 28. Qd7+ Kh6 29. Qh3+ Kg7 30. Qd7+ Kh6 31. Kf1 Qd6 32. Qxd6 Bxd6 33. Ke2 Kg7 34. Kd3 Kf8 35. Ke4 1/2-1/2

[Event "POL-chT 2nd League"]
[Site "Szklarska Poreba"]
[Date "2017.09.02"]
[Round "1.5"]
[White "Matlewski, Adam"]
[Black "Kalmuk, Krzysztof"]
[Result "1-0"]
[WhiteElo "1825"]
[BlackElo "2030"]
[PlyCount "67"]
[EventDate "2017.09.02"]
[EventType "team-swiss"]
[EventRounds "9"]
[EventCountry "POL"]
[SourceTitle "CBM 180 Extra"]
[Source "ChessBase"]
[SourceDate "2017.10.06"]
[SourceVersion "1"]
[SourceVersionDate "2017.10.06"]
[SourceQuality "1"]
[WhiteTeam "Konin UKS Smecz"]
[BlackTeam "Gliwice Politechnika Slaska"]
[WhiteTeamCountry "POL"]
[BlackTeamCountry "POL"]

1. d4 Nf6 2. c4 g6 3. Nf3 Bg7 4. g3 0-0 5. Bg2 d6 6. 0-0 Nc6 7. Nc3 a6 8. e4 Bg4 9. Be3 e5 10. d5 Nd4 11. Bxd4 exd4 12. Qxd4 Re8 13. Qd3 Nd7 14. Nd2 Nc5 15. Qc2 a5 16. Nb3 b6 17. Nxc5 bxc5 18. h3 Bd7 19. Kh2 Qf6 20. Rad1 Rab8 21. f4 Rb4 22. Qe2 a4 23. Rf3 Qe7 24. e5 dxe5 25. d6 Qd8 26. dxc7 Qc8 27. Nd5 e4 28. Re3 Rxb2 29. Rd2 Rxd2 30. Qxd2 Bc6 31. Qa5 f5 32. Qxc5 Qe6 33. Ne7+ Qxe7 34. Qxe7 1-0

[Event "Suwalki Warakomska Memorial-B 1st"]
[Site "Suwalki"]
[Date "2017.08.15"]
[Round "6"]
[White "Kalmuk, Krzysztof"]
[Black "Lascar, Radoslawa"]
[Result "1-0"]
[WhiteElo "2030"]
[BlackElo "1778"]
[PlyCount "83"]
[EventDate "2017.08.11"]
[EventType "swiss"]
[EventRounds "9"]
[EventCountry "POL"]
[SourceTitle "CBM 180 Extra"]
[Source "ChessBase"]
[SourceDate "2017.10.06"]
[SourceVersion "1"]
[SourceVersionDate "2017.10.06"]
[SourceQuality "1"]

1. d4 Nf6 2. Nf3 c5 3. d5 d6 4. Nc3 g6 5. e4 Nbd7 6. h3 Bg7 7. Be2 0-0 8. 0-0 a6 9. a4 b6 10. Bf4 Ne8 11. Qd2 Qc7 12. b3 Bb7 13. Rad1 Rd8 14. Bg5 Nef6 15. Rfe1 Ne5 16. Nh2 Ne8 17. f4 f6 18. Bh4 Nf7 19. Bg4 Bc8 20. Be6 Kh8 21. Nf3 Qb8 22. Bf2 Nc7 23. Bxc8 Qxc8 24. Qe2 Qb7 25. Rd3 b5 26. Nh4 Bh6 27. Rf3 e6 28. dxe6 Nxe6 29. Nd5 Kg7 30. g3 g5 31. Nf5+ Kh8 32. Qd2 Bg7 33. Nxg7 Kxg7 34. Qc3 Nh6 35. fxg5 Nxg5 36. Rxf6 Nxh3+ 37. Kg2 Ng4 38. Rf4+ Ne5 39. Kxh3 b4 40. Qd2 Nf3 41. Rxf3 Rxf3 42. Qg5+ 1-0

[Event "POL-chT 2nd League"]
[Site "Jastrzebia Gora"]
[Date "2016.09.08"]
[Round "6.17"]
[White "Szczesniak, Andrzej"]
[Black "Kalmuk, Krzysztof"]
[Result "1-0"]
[WhiteElo "1943"]
[BlackElo "2004"]
[PlyCount "67"]
[EventDate "2016.09.03"]
[EventType "team-swiss"]
[EventRounds "9"]
[EventCountry "POL"]
[SourceTitle "EXT 2017"]
[Source "ChessBase"]
[SourceDate "2016.10.25"]
[SourceVersion "1"]
[SourceVersionDate "2016.10.25"]
[SourceQuality "1"]
[WhiteTeam "Rotmistrz"]
[BlackTeam "Gliwice Politechnika Slaska"]
[WhiteTeamCountry "POL"]
[BlackTeamCountry "POL"]

1. c4 Nf6 2. Nc3 e5 3. Nf3 Nc6 4. e3 Bb4 5. Qc2 0-0 6. Nd5 Bc5 7. Ng5 g6 8. Nxf6+ Qxf6 9. Ne4 Qe7 10. Nxc5 Qxc5 11. a3 a5 12. b3 d5 13. h4 Be6 14. Bb2 d4 15. h5 f5 16. hxg6 hxg6 17. g4 Kg7 18. gxf5 Bxf5 19. Bd3 Rad8 20. Bxf5 Rxf5 21. Qe4 a4 22. Rg1 Rf6 23. 0-0-0 axb3 24. d3 b5 25. f4 exf4 26. exd4 Nxd4 27. Kb1 Rd7 28. Rh1 c6 29. Qe8 Qf5 30. Qh8+ Kf7 31. Rh7+ Ke6 32. Qe8+ Kd6 33. c5+ Kxc5 34. Rxd7 1-0

[Event "POL-chT 2nd League"]
[Site "Jastrzebia Gora"]
[Date "2016.09.06"]
[Round "4.11"]
[White "Dowgird, Filip"]
[Black "Kalmuk, Krzysztof"]
[Result "0-1"]
[WhiteElo "2238"]
[BlackElo "2004"]
[PlyCount "78"]
[EventDate "2016.09.03"]
[EventType "team-swiss"]
[EventRounds "9"]
[EventCountry "POL"]
[SourceTitle "EXT 2017"]
[Source "ChessBase"]
[SourceDate "2016.10.25"]
[SourceVersion "1"]
[SourceVersionDate "2016.10.25"]
[SourceQuality "1"]
[WhiteTeam "Pegow Wieza"]
[BlackTeam "Gliwice Politechnika Slaska"]
[WhiteTeamCountry "POL"]
[BlackTeamCountry "POL"]

1. e4 c5 2. g3 Nc6 3. Bg2 g6 4. f4 Bg7 5. Nf3 d5 6. e5 Nh6 7. d3 0-0 8. 0-0 Be6 9. Nc3 f6 10. exf6 exf6 11. h3 d4 12. Ne4 b6 13. a3 Qd7 14. Kh2 Rae8 15. Bd2 Nf5 16. Re1 Bd5 17. b4 c4 18. g4 cxd3 19. gxf5 Bxe4 20. Rxe4 Rxe4 21. cxd3 Ree8 22. Qb3+ Kh8 23. Nh4 Ne7 24. fxg6 Nxg6 25. Nxg6+ hxg6 26. Bf3 Bh6 27. Rg1 Qd6 28. Rg4 f5 29. Rh4 Kg7 30. Kg3 Bg5 31. Qa4 Bxh4+ 32. Kxh4 Re7 33. b5 g5+ 34. Kg3 Rh8 35. Kg2 gxf4 36. Qc4 Kh7 37. Bb4 Qg6+ 38. Kf1 Qg3 39. Qd5 Qxh3+ 0-1

[Event "Polanica Zdroj op-C 52nd"]
[Site "Polanica Zdroj"]
[Date "2016.08.28"]
[Round "6"]
[White "Kalmuk, Krzysztof"]
[Black "Mastalarz, Jozef"]
[Result "1-0"]
[WhiteElo "1966"]
[BlackElo "1757"]
[PlyCount "53"]
[EventDate "2016.08.20"]
[EventType "swiss"]
[EventRounds "9"]
[EventCountry "POL"]
[SourceTitle "CBM 174 Extra"]
[Source "ChessBase"]
[SourceDate "2016.10.10"]
[SourceVersion "1"]
[SourceVersionDate "2016.10.10"]
[SourceQuality "1"]

1. c4 Nf6 2. g3 e6 3. Bg2 d5 4. Nf3 c5 5. 0-0 Nc6 6. cxd5 exd5 7. d4 Be6 8. Nc3 h6 9. Bf4 Be7 10. dxc5 Bxc5 11. Rc1 0-0 12. a3 a6 13. Na4 Ba7 14. Nc5 Qe7 15. b4 Bxc5 16. Rxc5 Rfc8 17. Rc1 b5 18. Nd4 Nxd4 19. Qxd4 Rc4 20. Rxc4 bxc4 21. Be5 Rd8 22. Rd1 Ne8 23. e4 f6 24. Bf4 g5 25. Bc1 Qf7 26. exd5 Bxd5 27. Bxd5 1-0

[Event "POL-chT U19 2nd League"]
[Site "Szczyrk"]
[Date "2014.07.25"]
[Round "1.61"]
[White "Kroczka, Gromoslaw"]
[Black "Kalmuk, Krzysztof"]
[Result "1-0"]
[WhiteElo "1788"]
[BlackElo "1934"]
[PlyCount "87"]
[EventDate "2014.07.25"]
[EventType "team-swiss"]
[EventRounds "11"]
[EventCountry "POL"]
[SourceTitle "EXT 2015"]
[Source "ChessBase"]
[SourceDate "2014.11.20"]
[SourceVersion "1"]
[SourceVersionDate "2014.11.20"]
[SourceQuality "1"]
[WhiteTeam "Bydgoszcz Hetman U19"]
[BlackTeam "Mikolow AKS U19"]
[WhiteTeamCountry "POL"]
[BlackTeamCountry "POL"]

1. e4 d6 2. d4 Nf6 3. Nc3 Nbd7 4. Be3 e5 5. d5 c6 6. f3 Be7 7. Qd2 Qc7 8. 0-0-0 a6 9. g4 cxd5 10. exd5 h6 11. h3 b5 12. a3 Bb7 13. f4 Rc8 14. Qf2 exf4 15. Bxf4 Nb6 16. Bg2 Nc4 17. Nge2 Nd7 18. Kb1 Bf6 19. Qg3 Ndb6 20. Be4 Nxb2 21. Bxd6 Qc4 22. Bd3 Nxd3 23. Qe3+ Ne5 24. Bxe5 Bxe5 25. Qxe5+ Kd7 26. Qxg7 Rhf8 27. Rhf1 Kc7 28. Rxf7+ Rxf7 29. Qxf7+ Kb8 30. Qf5 b4 31. Rd4 Qc7 32. axb4 Ka7 33. b5 Qg7 34. Qd3 Nd7 35. Rc4 Nb6 36. Rxc8 Bxc8 37. Qd4 Qf8 38. Na4 Qf1+ 39. Kb2 Qxe2 40. Qxb6+ Ka8 41. Qc6+ Kb8 42. Qd6+ Ka8 43. Nb6+ Kb7 44. Qc6+ 1-0

[Event "Rewal op-B 17th"]
[Site "Rewal"]
[Date "2012.08.??"]
[Round "2"]
[White "Kalmuk, Krzysztof"]
[Black "Jacek, Krystian"]
[Result "0-1"]
[WhiteElo "1857"]
[BlackElo "2071"]
[PlyCount "64"]
[EventDate "2012.08.20"]
[EventType "swiss"]
[EventRounds "9"]
[EventCountry "POL"]
[SourceTitle "EXT 2014"]
[Source "ChessBase"]
[SourceDate "2013.11.20"]
[SourceVersion "1"]
[SourceVersionDate "2013.11.20"]
[SourceQuality "1"]

1. d4 g6 2. Nf3 Bg7 3. c4 Nf6 4. Nc3 0-0 5. g3 c5 6. Bg2 cxd4 7. Nxd4 Nc6 8. 0-0 Ne5 9. b3 d6 10. h3 Bd7 11. e4 Rc8 12. Be3 a6 13. Rc1 Qa5 14. Qd2 Rfe8 15. Rfd1 Nc6 16. Nde2 b5 17. Nd5 Qxd2 18. Rxd2 Nxd5 19. cxd5 Nb4 20. Bf1 Rxc1 21. Nxc1 Rc8 22. Ne2 f5 23. f3 Nc2 24. Bg5 Kf7 25. h4 fxe4 26. fxe4 Bg4 27. Kh2 h6 28. Bf4 Ne1 29. Ng1 g5 30. hxg5 hxg5 31. Bxg5 Rh8+ 32. Bh4 Be5 0-1

[Event "Rewal op-B 17th"]
[Site "Rewal"]
[Date "2012.08.??"]
[Round "4"]
[White "Kalmuk, Krzysztof"]
[Black "Steppuhn, Thomas"]
[Result "1/2-1/2"]
[WhiteElo "1857"]
[BlackElo "2039"]
[PlyCount "113"]
[EventDate "2012.08.20"]
[EventType "swiss"]
[EventRounds "9"]
[EventCountry "POL"]
[SourceTitle "EXT 2014"]
[Source "ChessBase"]
[SourceDate "2013.11.20"]
[SourceVersion "1"]
[SourceVersionDate "2013.11.20"]
[SourceQuality "1"]

1. d4 e6 2. Nf3 b6 3. c4 Bb7 4. g3 f5 5. Bg2 Nf6 6. Nc3 Bb4 7. 0-0 Bxc3 8. bxc3 0-0 9. Qb3 Nc6 10. Rd1 Qe7 11. Ba3 d6 12. c5 Na5 13. Qb4 Nd5 14. cxd6 Qf6 15. Qb2 Nc4 16. Qb3 Nxd6 17. Ne5 Rab8 18. Nd7 Qf7 19. Nxf8 Kxf8 20. c4 Ne7 21. Bxb7 Rxb7 22. Bxd6 cxd6 23. c5 dxc5 24. dxc5 Nd5 25. cxb6 axb6 26. Rac1 g6 27. Rc8+ Kg7 28. Qb2+ Qf6 29. Qb5 Nc3 30. Rd7+ Kh6 31. Qd3 Nxe2+ 32. Kf1 Rxd7 33. Qxd7 Qd4 34. Qxd4 Nxd4 35. Rd8 e5 36. f4 Nf3 37. Kg2 e4 38. a4 Ne1+ 39. Kf1 Nd3 40. Ke2 Nc5 41. Rd4 Kh5 42. Rc4 Nd3 43. h3 g5 44. fxg5 Kxg5 45. Rd4 h5 46. Ke3 Nc5 47. Rc4 Nd3 48. Rc6 Nb2 49. h4+ Kg4 50. Rg6+ Kh3 51. Kf4 Nxa4 52. Rg5 Nc3 53. Ke3 b5 54. Rxh5 Kxg3 55. Rxf5 Kxh4 56. Rxb5 Nxb5 57. Kxe4 1/2-1/2